| 000 | 00373nam a22001217a 4500 | ||
|---|---|---|---|
| 082 | _a200 THE | ||
| 100 |
_aSyed Zeeshan Haider _970047 |
||
| 245 | _aTH-SOF-1212.Implementation Of Variable Robustness Algorithm | ||
| 260 |
_aIslamabad _bNUST College of EME _c2016 |
||
| 650 |
_a MS-ELECT-71 MSTHESIS _970048 |
||
| 700 |
_aSupervison Dr. Muwahida Liaquat _970049 |
||
| 942 | _cCF | ||
| 999 |
_c577101 _d577101 |
||